00834nas a2200265 ar4500001000500000005001700005006001900022008004100041022001300082082002200095245003500117260005800152300002500210310001500235362003000250500007100280500002100351500002000372500002400392504003100416650002900447651004000476710003700516999001500553286220221127090619.0sbu p 0 a0150428s xxubu p 0001a0eng d0 a0001427304a658.05bAc12 201500aAcademy of management journal. aBriarcliff Manor, NY :bAcademy of Management,c2015- av. :bill. ;c28 cm. aBimonthly.0 aV. 58, no. 1(Feb. 2015) - aDescription based on : V. 58, no. 1(Feb. 2015) ; title from cover. aLatest receipts: aOlder receipts: aCeased publication: aIncludes bibl. references. 4aManagementvPeriodicals. 4aIndustrial managementvPeriodicals.2 aAcademy of Management(New York). c2860d2860